| 000 | 00459nam a2200169Ia 4500 | ||
|---|---|---|---|
| 008 | 090123s9999 xx 000 0 und d | ||
| 082 | _b24996 | ||
| 100 | _aHERMAN POMERRI | ||
| 245 | _aCONTROL HIGH BLOOD PRESSURE AND LIV LONGER | ||
| 250 | _a0 | ||
| 300 | _a239 | ||
| 600 | _aHERMAN POMERRI | ||
| 630 | _aCONTROL HIGH BLOOD PRESSURE AND LIV LONGER | ||
| 700 | _aHERMAN POMERRI | ||
| 730 | _aCONTROL HIGH BLOOD PRESSURE AND LIV LONGER | ||
| 942 | _cBOOK | ||
| 999 |
_c63067 _d63067 |
||